Informe de Sistematización. Iniciativa Dominicana por una educación de calidad (Record no. 9141)

MARC details
000 -LEADER
campo de control de longitud fija 00470nam a2200145Ia 4500
001 - NÚMERO DE CONTROL
campo de control 4596
008 - DATOS DE LONGITUD FIJA--INFORMACIÓN GENERAL
campo de control de longitud fija 241024s9999 xx 000 0 und d
082 ## - NÚMERO DE LA CLASIFICACIÓN DECIMAL DEWEY
Número de clasificación RD/370.97293/IN56in/2016
100 ## - ENTRADA PRINCIPAL--NOMBRE DE PERSONA
Nombre de persona República Dominicana. Instituto Dominicano por la Educación de Calidad IDEC
245 #0 - MENCIÓN DEL TÍTULO
Título Informe de Sistematización. Iniciativa Dominicana por una educación de calidad
260 ## - PUBLICACIÓN, DISTRIBUCIÓN, ETC.
Nombre del editor, distribuidor, etc. Santo Domingo
Fecha de publicación, distribución, etc. 2016
590 ## - NOTA LOCAL (RLIN)
Nota local si
901 ## - ELEMENTOS DE DATOS A LOCAL LDA (RLIN)
a 8/3/2017 11:36:37 a.m.

No items available.

© 2024. Todos los Derechos Reservados. Desarrollado por IDEICE